Manual de derechos humanos / (Record no. 1609)

MARC details
000 -LEADER
fixed length control field 01065cam a2200337 i 4500
001 - CONTROL NUMBER
control field data
005 - DATE AND TIME OF LATEST TRANSACTION
control field 20260322212108.0
008 - FIXED-LENGTH DATA ELEMENTS--GENERAL INFORMATION
fixed length control field data
035 ## - SYSTEM CONTROL NUMBER
System control number 20291111
010 ## - LIBRARY OF CONGRESS CONTROL NUMBER
LC control number 2017494042
020 ## - INTERNATIONAL STANDARD BOOK NUMBER
International Standard Book Number 9789870331995
020 ## - INTERNATIONAL STANDARD BOOK NUMBER
International Standard Book Number 9870331998
040 ## - CATALOGING SOURCE
Original cataloging agency DLC
Language of cataloging eng
Description conventions rda
Transcribing agency DLC
042 ## - AUTHENTICATION CODE
Authentication code pcc
043 ## - GEOGRAPHIC AREA CODE
Geographic area code s-ag---
050 00 - LIBRARY OF CONGRESS CALL NUMBER
Classification number KHA3003
Item number .M366 2017
100 1# - MAIN ENTRY--PERSONAL NAME
Personal name Manili, Pablo Luis,
Relator term author.
245 10 - TITLE STATEMENT
Title Manual de derechos humanos /
Statement of responsibility, etc. Pablo Luis Manili ; prólogo de Eduardo Ferrer Mac-Gregor.
264 #1 - PRODUCTION, PUBLICATION, DISTRIBUTION, MANUFACTURE, AND COPYRIGHT NOTICE
Place of production, publication, distribution, manufacture Buenos Aires :
Name of producer, publisher, distributor, manufacturer Thomson Reuters La Ley,
Date of production, publication, distribution, manufacture, or copyright notice [2017]
300 ## - PHYSICAL DESCRIPTION
Extent xxxiv, 405 pages ;
Dimensions 24 cm
336 ## - CONTENT TYPE
Content type term text
Content type code txt
Source rdacontent
337 ## - MEDIA TYPE
Media type term unmediated
Media type code n
Source rdamedia
338 ## - CARRIER TYPE
Carrier type term volume
Carrier type code nc
Source rdacarrier
504 ## - BIBLIOGRAPHY, ETC. NOTE
Bibliography, etc. note Includes bibliographical references.
650 #0 - SUBJECT ADDED ENTRY--TOPICAL TERM
Topical term or geographic name entry element Human rights
Geographic subdivision Argentina.
650 #0 - SUBJECT ADDED ENTRY--TOPICAL TERM
Topical term or geographic name entry element Human rights
Geographic subdivision America.
650 #0 - SUBJECT ADDED ENTRY--TOPICAL TERM
Topical term or geographic name entry element Human rights.
906 ## - LOCAL DATA ELEMENT F, LDF (RLIN)
a 7
b cbc
c origres
d 2
e ncip
f 20
g y-gencatlg
925 0# -
-- acquire
-- 1 shelf copies
-- policy default
Holdings
Withdrawn status Lost status Damaged status Not for loan Home library Current library Shelving location Date acquired Total checkouts Full call number Barcode Date last seen Price effective from Koha item type
        Liberty Liberty General stacks 22/03/2026   KHA3003 LOC-LPL-00072 22/03/2026 22/03/2026 Books